Wszystkie anime z Cartoon Network - Statystyki

Ogólne statystyki
  • Ten quiz został rozwiązany 139 razy
  • Średni wynik to 2 z 6
Statystyki odpowiedzi
Tytuł % Poprawnych
Bakugan
85%
Inazuma Eleven
49%
Beyblade Metal Masters
22%
Mistrzowie Kaijudo
10%
Yo Kai Watch
8%
B-Daman
3%
Nie znaleziono quizów pasujących do podanych kryteriów
Rozkład punktacji
Procent ludzi z każdym wynikiem
Percentyl według liczby udzielonych odpowiedzi
Twoja historia wyników
Nie rozwiązałeś tego quizu